Le Libraire (Roman)
محفوظ في:
| المؤلف الرئيسي: | |
|---|---|
| التنسيق: | كتاب |
| اللغة: | Undetermined |
| منشور في: |
Ottawa, Canadá
Le Circle du Livre de France
966
|
| الموضوعات: | |
| الوسوم: |
إضافة وسم
لا توجد وسوم, كن أول من يضع وسما على هذه التسجيلة!
|
MARC
| LEADER | 00000nam a2200000Ia 4500 | ||
|---|---|---|---|
| 008 | 170316s9999 xx 000 0 und d | ||
| 090 | |a 818 B-8Le | ||
| 100 | |a Bessette, Gérard | ||
| 245 | |a Le Libraire (Roman) | ||
| 260 | |a Ottawa, Canadá | ||
| 260 | |b Le Circle du Livre de France | ||
| 260 | |c 966 | ||
| 300 | |a 173 páginas | ||
| 650 | |a LITERATURA CANADIENSE | ||
| 999 | |c 21771 |d 21771 | ||
| 040 | |a cru BVZT | ||
| 942 | |c 15 D |h 818 B-8Le |2 z | ||
